| 000 | 00741nam a2200217 a 4500 | ||
|---|---|---|---|
| 001 | 22853 | ||
| 003 | CO-ViMGA | ||
| 008 | 141112s2004 ck r 000 u spa d | ||
| 020 | _a970150500X | ||
| 040 |
_aCO-ViMGA _bspa _cCO-ViMGA |
||
| 082 | 0 | 4 | _a005.74 M448f |
| 100 | 1 |
_aMiguel Castaño, Adoraciòn de _932736 |
|
| 245 | 1 | 0 | _aFundamentos y modelos de bases de datos |
| 260 |
_aMéxico : _bAlfaomega |
||
| 300 | _a515p. | ||
| 505 | _aSistemas de informacion y bases de datos, Sistemas dee gestion de la base de datos, Modelos de datos, Dinamica del modelo relacional, Modelo en red \ | ||
| 650 | 1 | 4 |
_aADMINISTRACION DE BASES DE DATOS _932737 |
| 650 | 1 | 4 | _aBASES DE DATOS |
| 650 | 1 | 4 |
_aBASES DE DATOS - DISEÑO _932738 |
| 942 |
_2ddc _cBK |
||
| 999 |
_c31148 _d31148 |
||